Rhyming story : Pip the dog and Freddy the frog / (Record no. 48535)
| 000 -LEADER | |
|---|---|
| fixed length control field | 00332nam a2200109 4500 |
| 020 ## - INTERNATIONAL STANDARD BOOK NUMBER | |
| International Standard Book Number | 9781447268246 |
| 245 ## - TITLE STATEMENT | |
| Title | Rhyming story : Pip the dog and Freddy the frog / |
| Statement of responsibility, etc | By Axel Scheffler. |
| 260 ## - PUBLICATION, DISTRIBUTION, ETC. (IMPRINT) | |
| Place of publication, distribution, etc | London : |
| Name of publisher, distributor, etc | Campbell Books; |
| Date of publication, distribution, etc | 2015. |
| 300 ## - PHYSICAL DESCRIPTION | |
| Extent | 20 pages. |
| Dimensions | 7 x 0.6 x 7 inches. |
| 490 ## - SERIES STATEMENT | |
| Series statement | Campbell Axel Scheffler |
| 942 ## - ADDED ENTRY ELEMENTS (KOHA) | |
| Source of classification or shelving scheme | |
| Koha item type | Board Book |
| Withdrawn status | Lost status | Source of classification or shelving scheme | Damaged status | Not for loan | Home library | Current library | Date acquired | Total Checkouts | Full call number | Barcode | Checked out | Date last seen | Date checked out | Price effective from | Koha item type |
|---|---|---|---|---|---|---|---|---|---|---|---|---|---|---|---|
| Logos International School | Logos International School | 03/05/2025 | 5 | BB SCH | 040467 | 09/08/2026 | 04/22/2026 | 04/22/2026 | 03/05/2025 | Board Book |